<?xml version="1.0" encoding="UTF-8"?>
<record
    xmlns:xsi="http://www.w3.org/2001/XMLSchema-instance"
    xsi:schemaLocation="http://www.loc.gov/MARC21/slim http://www.loc.gov/standards/marcxml/schema/MARC21slim.xsd"
    xmlns="http://www.loc.gov/MARC21/slim">

  <leader>01536nam a22001697a 4500</leader>
  <controlfield tag="008">120831t        xxu||||| |||| 00| 0 eng d</controlfield>
  <datafield tag="020" ind1=" " ind2=" ">
    <subfield code="a">0072951869</subfield>
  </datafield>
  <datafield tag="050" ind1=" " ind2=" ">
    <subfield code="a">RC465.V58</subfield>
  </datafield>
  <datafield tag="100" ind1=" " ind2=" ">
    <subfield code="a">Vitkus, John</subfield>
  </datafield>
  <datafield tag="245" ind1=" " ind2=" ">
    <subfield code="a">Casebook in abnormal psychology. /</subfield>
    <subfield code="c">John Vitkus</subfield>
  </datafield>
  <datafield tag="250" ind1=" " ind2=" ">
    <subfield code="a">5th ed.</subfield>
  </datafield>
  <datafield tag="260" ind1=" " ind2=" ">
    <subfield code="a">Boston:</subfield>
    <subfield code="b">Higher Edu.,</subfield>
    <subfield code="c">c2004.</subfield>
  </datafield>
  <datafield tag="300" ind1=" " ind2=" ">
    <subfield code="a">xii, 238 p.:</subfield>
    <subfield code="c">23cm.</subfield>
  </datafield>
  <datafield tag="505" ind1=" " ind2=" ">
    <subfield code="a">Contents: Worried sick: generalized anxiety disorder -- Anxiety rush: panic disorder -- 9-11 Will not be forgotten: post -traumatic stress diorder -- Cleanliness is next to godliness: obsessive-compulsive disorder -- Altered states: dissociative identity disorder -- Big woman on campus: bipolar disorder, manic episode -- Who cares about old cars?: major depressive disorder -- Nerver good enough: dysthymia with dependent personality -- Road rage: intermittent explosive disorder -- Riding the relationship rollercoaster: borderline personality disorder -- Never too young to quit: alcohol dependence -- Shooting up: opioid dependence -- Is viagra enough?: male erectile disorder -- Losing your grip: schizophrenia, residual types -- Why can't i sleep?: primary insomnia -- A Fading memory: dementia of the alzheimer's type -- Dirty food: bulimia nervosa -- On thin ice: anorexia nervosa -- A Quiet fog: attention-deficit disorder, inattentive type -- I Can't live without you: separation anxiety disorder: life after mainstreaming: moderate mental retardation -- In a world of his own: austistic disorder. </subfield>
  </datafield>
  <datafield tag="650" ind1=" " ind2=" ">
    <subfield code="b">Psychology.</subfield>
  </datafield>
  <datafield tag="942" ind1=" " ind2=" ">
    <subfield code="2">lcc</subfield>
    <subfield code="c">BK</subfield>
  </datafield>
  <datafield tag="999" ind1=" " ind2=" ">
    <subfield code="c">2291</subfield>
    <subfield code="d">9791</subfield>
  </datafield>
  <datafield tag="952" ind1=" " ind2=" ">
    <subfield code="0">0</subfield>
    <subfield code="1">0</subfield>
    <subfield code="2">lcc</subfield>
    <subfield code="4">0</subfield>
    <subfield code="7">0</subfield>
    <subfield code="a">WIUC-1</subfield>
    <subfield code="b">WIUC-1</subfield>
    <subfield code="c">GEN</subfield>
    <subfield code="d">2012-08-31</subfield>
    <subfield code="l">0</subfield>
    <subfield code="o">RC465.V58</subfield>
    <subfield code="p">5106/12</subfield>
    <subfield code="r">2012-08-31 00:00:00</subfield>
    <subfield code="t">1</subfield>
    <subfield code="w">2012-08-31</subfield>
    <subfield code="y">BK</subfield>
  </datafield>
  <datafield tag="952" ind1=" " ind2=" ">
    <subfield code="0">0</subfield>
    <subfield code="1">0</subfield>
    <subfield code="2">lcc</subfield>
    <subfield code="4">0</subfield>
    <subfield code="7">0</subfield>
    <subfield code="a">WIUC-1</subfield>
    <subfield code="b">WIUC-1</subfield>
    <subfield code="c">GEN</subfield>
    <subfield code="d">2012-08-31</subfield>
    <subfield code="l">0</subfield>
    <subfield code="o">RC465.V581</subfield>
    <subfield code="p">5107/12</subfield>
    <subfield code="r">2012-08-31 00:00:00</subfield>
    <subfield code="t">2</subfield>
    <subfield code="w">2012-08-31</subfield>
    <subfield code="y">BK</subfield>
  </datafield>
  <datafield tag="952" ind1=" " ind2=" ">
    <subfield code="0">0</subfield>
    <subfield code="1">0</subfield>
    <subfield code="2">lcc</subfield>
    <subfield code="4">0</subfield>
    <subfield code="7">0</subfield>
    <subfield code="a">WIUC-1</subfield>
    <subfield code="b">WIUC-1</subfield>
    <subfield code="c">GEN</subfield>
    <subfield code="d">2012-08-31</subfield>
    <subfield code="l">0</subfield>
    <subfield code="o">RC465.V582</subfield>
    <subfield code="p">5108/12</subfield>
    <subfield code="r">2012-08-31 00:00:00</subfield>
    <subfield code="t">3</subfield>
    <subfield code="w">2012-08-31</subfield>
    <subfield code="y">BK</subfield>
  </datafield>
  <datafield tag="952" ind1=" " ind2=" ">
    <subfield code="0">0</subfield>
    <subfield code="1">0</subfield>
    <subfield code="2">lcc</subfield>
    <subfield code="4">0</subfield>
    <subfield code="7">0</subfield>
    <subfield code="a">WIUC-1</subfield>
    <subfield code="b">WIUC-1</subfield>
    <subfield code="c">GEN</subfield>
    <subfield code="d">2012-08-31</subfield>
    <subfield code="l">0</subfield>
    <subfield code="o">RC465.V583</subfield>
    <subfield code="p">5109/12</subfield>
    <subfield code="r">2012-08-31 00:00:00</subfield>
    <subfield code="t">4</subfield>
    <subfield code="w">2012-08-31</subfield>
    <subfield code="y">BK</subfield>
  </datafield>
  <datafield tag="952" ind1=" " ind2=" ">
    <subfield code="0">0</subfield>
    <subfield code="1">0</subfield>
    <subfield code="2">lcc</subfield>
    <subfield code="4">0</subfield>
    <subfield code="7">0</subfield>
    <subfield code="a">WIUC-1</subfield>
    <subfield code="b">WIUC-1</subfield>
    <subfield code="c">GEN</subfield>
    <subfield code="d">2012-08-31</subfield>
    <subfield code="l">0</subfield>
    <subfield code="o">RC465.V584</subfield>
    <subfield code="p">5110/12</subfield>
    <subfield code="r">2012-08-31 00:00:00</subfield>
    <subfield code="t">5</subfield>
    <subfield code="w">2012-08-31</subfield>
    <subfield code="y">BK</subfield>
  </datafield>
</record>
